000 00867nam a2200241 i 4500
001 C2-0277036
003 PPAK
005 20180728005213.0
008 070103s1995 xx |||| ||||| | may d
040 _aPPAK
_beng
_cPPAK
_erda
082 0 4 _a630.9595
_223
090 0 0 _a630.9595
_bMAL
_dKK
110 2 _aMalaysia. Kementerian Pertanian
245 0 0 _aPertanyaan dan jawapan di mesyuarat pertama, Penggal pertama, Parlimen kesembilan 1995
_bParlimen kesembilan 1995
264 1 _a[place of publication not identified] :
_b[publisher not identified] ,
_c1995
300 _avarious pages pages ;
_c30 cm
336 _2rdacontent
_atext
337 _2rdamedia
_aunmediated
338 _2rdacarrier
_avolume
650 1 0 _aAgriculture - Research - Malaysia ; Agriculture and state - Malaysia
710 2 _aMalaysia. Kementerian Pertanian
_eorganizer
942 _ddc
_cB
999 _c84308
_d84308